| 000 | 01220naa a22003137a 4500 | ||
|---|---|---|---|
| 001 | BR9209929 | ||
| 003 | BR-BrBNA | ||
| 005 | 20240918180811.0 | ||
| 007 | ta | ||
| 008 | 230509b bl.||||| |||| 00| 0 por d | ||
| 040 |
_aBR-BrBNA _bpor _cBiblioteca Nacional de Agricultura |
||
| 041 | _a(Pt) | ||
| 072 |
_aL40 _b5217 |
||
| 090 | _aL40 BR9209929 | ||
| 100 | 1 | _aArrigoni, M.D.B. | |
| 100 | 1 | _aRamos, A.A. | |
| 100 | 1 | _aFurlan, L.R. | |
| 100 | 1 | _aParre, C. | |
| 100 | 1 | _aSouza, J.L.B. | |
| 111 | 1 |
_a16. Congresso Mundial de Buiatria; 6. Congresso Latino Americano de Buiatria _cSalvador, BA (Brazil) _d13-17 Aug 1990 |
|
| 245 | 1 | _aEstudo somatometrico em bufalos. 1. Peso corporeo, altura no garrote e no sacro e distancia de rotula a rotula | |
| 260 | 3 |
_aSalvador, BA (Brasil): _c1990. |
|
| 500 | _a16. Congresso Mundial de Buiatria; 6. Congresso Latino Americano de Buiatria Salvador, BA (Brasil): 1990. p. 332-336 (BR9209929-AM)L40 | ||
| 650 | _aBUFALO | ||
| 650 | _aMORFOLOGIA ANIMAL | ||
| 773 | 0 |
_t16. Congresso Mundial de Buiatria; 6. Congresso Latino Americano de Buiatria _b _wL40 BR9209929 _gSalvador, BA (Brasil), 1990. p. 332-336 |
|
| 909 |
_a202404 _bLucia _c55 _dLucia Elande |
||
| 942 |
_cAM _2AGRIS |
||
| 999 |
_c322098 _d322098 |
||